000 01481nam a2200445 i 4500
001 4096
003 KOSZ 005
005 20190724091626.0
008 970629s1989 pl a f f |000 0 pol
015 _aPB 1991/9393
035 _a991002063329705066
035 _a(PL-WaBN)b10574669-48omnis_nlop
035 _ab10574669
035 _a(OCoLC)834088010
035 _a(PL)b0000001057466
035 _a(EXLNZ-48OMNIS_NETWORK)9910214265905606
040 _aWA N
_cWA N
_dKOSZ 005/EG
041 _apol
046 _k1989
080 _a69:728
080 _a(083.1)
245 1 0 _aWszechnica budowlana :
_bporadnik : [praca zbiorowa].
_nT. 2 /
_c[rada red. Wacław Baranowski et al.] ; [aut. Zbigniew Ablewicz et al.].
260 _aWarszawa :
_bWydaw. Współczesne : "Fundamenty",
_c1989.
300 _a206, [1] s. :
_brys. ;
_c24 cm.
336 _2rdacontent
_aTekst
_btxt
337 _2rdamedia
_aBez urządzenia pośredniczącego
_bn
338 _2rdacarrier
_aWolumin
_bnc
380 _aKsiążki
380 _aPublikacje fachowe
388 _a1901-2000
388 _a1945-1989
650 7 _aBudownictwo mieszkaniowe
_2DBN
655 7 _aPoradniki
_2DBN
658 _aArchitektura i budownictwo
700 1 _aAblewicz, Zbigniew
_eAutor
700 1 _aBaranowski, Wacław
_eRedakcja
856 _uhttp://koha.tu.koszalin.pl/cgi-bin/koha/opac-detail.pl?biblionumber=4096
_yKatalog online BPK
942 _2UKD
_cKS
999 _c4096
_d4096